| 000 | 01040cam a22003018i 4500 | ||
|---|---|---|---|
| 001 | 18739086 | ||
| 003 | NUST | ||
| 005 | 20230118124548.0 | ||
| 008 | 150811s2015 nyu b 001 0 eng | ||
| 010 | _a 2015021707 | ||
| 020 | _a9780231175968 (cloth : alk. paper) | ||
| 020 | _z9780231540926 (e-book) | ||
| 040 |
_aDLC _beng _cDLC _erda |
||
| 042 | _apcc | ||
| 050 | 0 | 0 |
_aP106 _b.C46 2016 |
| 082 | 0 | 0 |
_a401,CHO _223 |
| 100 | 1 |
_aChomsky, Noam, _eauthor. _922959 |
|
| 245 | 1 | 0 |
_aWhat kind of creatures are we? / _cNoam Chomsky. |
| 264 | 1 |
_aNew York : _bColumbia University Press, _c[2016] |
|
| 300 |
_axxiv, 167 pages ; _c19 cm |
||
| 336 |
_atext _2rdacontent |
||
| 337 |
_aunmediated _2rdamedia |
||
| 338 |
_avolume _2rdacarrier |
||
| 490 | 0 | _aColumbia Themes in Philosophy | |
| 505 | 0 | _aWhat is language? (Page-1), what can we understand? Page-27), What is the common good? (Page-59), The mysteries of nature: How deeply hidden? (Page-81). | |
| 650 | 0 |
_aLanguage and languages _xPhilosophy. _9106972 |
|
| 942 |
_2ddc _cBK _k401,CHO |
||
| 999 |
_c592946 _d592946 |
||